| 000 | 01854nam0a2200409 4500 | ||
|---|---|---|---|
| 001 | RU\NLR\ONL2\3243 | ||
| 005 | 20260204000000.0 | ||
| 035 | _a(NLR Aleph) 009650844 | ||
| 090 |
_a9573040 _c9573040 |
||
| 100 | _a20050505d1947 d y0rusy50 ca | ||
| 101 | 0 |
_aesk _arus |
|
| 102 | _aRU | ||
| 105 | _aa ||||||||| | ||
| 135 | _acrcn 024anaba | ||
| 200 | 1 |
_aУн'ипаг'атыпут _eЭскимосыг'мит ун'ипаг'атылг'утан'иит _fИгак'умаа эскимосыстун ама мумихсимаа руссыг'мистун Г. А. Меновщиковым _gНарис. И. В. Вальтерым |
|
| 210 |
_aЛ. _cУчпедгиз _d1947 |
||
| 215 |
_a228 с. _cил. _d23 |
||
| 225 | 1 | _aЭскимосым шк. | |
| 300 | _aТекст парал. эскимос., рус. | ||
| 325 | _aКопия доступна в Электрон. б-ке РНБ | ||
| 541 | 1 |
_aНаши сказки _eСб. эскимосских сказок _zrus |
|
| 686 | 1 | _aШ9(2)3=Эск-2 | |
| 702 | 1 |
_aМеновщиков _bГ. А. _gГеоргий Алексеевич _4220 |
|
| 702 | 1 |
_4440 _7ca _8rus _aВальтер _bИ. В. _f1903-1993 _gИрина Владимировна _9223821 _3RU\NLR\AUTH\770223877 |
|
| 801 | 0 |
_aRU _bNLR _c20050505 _gPSBO |
|
| 852 |
_aNLR _bОНЛ _jЭским./3-17 |
||
| 856 | 0 | _uhttps://vivaldi.nlr.ru/bx000038320/view | |
| 856 | 1 | _uhttps://vivaldi.nlr.ru/bx000038320/cover | |
| 856 | 2 | _uhttps://vivaldi.nlr.ru/bx000038320/text | |
| 901 | _eКнижные издания: ОНЛ | ||
| 942 | _cBOOK | ||
| 980 | _aNB | ||
| 980 | _aONL_RF | ||
| 981 | 2 | 3 |
_a(23) Национальные литературы _b(23) Книги на национальных языках |